000 00855nam a2200229Ii 4500
003 JO-AjNU
008 230605s9999||||xx |||||||||||||| ||und||
017 _a2015/11/5618
020 _a978-9957-94-206-9
040 _aJO-AjNU
_bara
_erda
_cJO-AjNU
041 _aara
050 1 4 _aDS153.9.A4 2015
100 3 _aرئيس التحرير الغرابية، خليف مصطفى؛ تحرير احمد مصطفى القضاة واخرون,
_eauthor
_958181
245 0 0 _aموسوعة المعارف الاردنية - عجلون
250 _aط1
264 3 1 _aعمان: وزارة الثقافة، 2015
300 _a751ص
_bيحتوي على صور توضيحية
336 _atext
_btxt
_2rdacontent
337 _aunmediated
_bn
_2rdamedia
338 _avolume
_bnc
_2rdacarrier
650 4 _aعجلون - الاردن - دوائر معارف
_958182
999 _aA26114
_c29682
_d29682